Pays par les 3 premiers mots de leurs hymnes. #2 - Statistiques

Statistiques générales
  • Ce quiz a été pris 17 fois
  • Le résultat moyen est 3 sur 12
Statistiques - réponses
Hint Réponse % Correct
O! Dites, pouvez Etats unis
93%
*Europe *Europe par Allemagne
60%
Les *Amérique sud, un Bolivie
40%
Bénie soit la Pakistan
27%
Eveille-toi *Europe Roumanie
27%
Dieu soit avec Suriname
27%
Bayamais, courez au Cuba
20%
Confère ta bénédiction Fidji
20%
Eblouissant et fier Gabon
7%
Dieu bénisse nos Iles salomons
7%
Ô notre Seigneur Oman
7%
Debout et chantez Zambie
7%
Aucun quiz correspondant
Distribution des résultats
% des personnes avec chaque résultat
Percentile par nombre de réponses
Votre historique - résultats
Vous n’avez pas pris ce quiz